01174nab a22001937a 4500999001500000003000400015005001700019008004100036040000700077100003100084245019700115300001500312505039800327505007200725650002800797650003300825773010900858942001300967 c5806d5806OSt20260106212532.0190514b xxu||||| |||| 00| 0 spa d cPJ 96716aVega, Luciana de la 13aEl derecho a la identidad y a la identificación :bla inscripción tardía y el rol de los agentes judiciales en la pronta subsanación de la falta de inscripción /cLuciana de la Vega. ap. 185-195 aSumario: I. Palabras iniciales.— II. Recepción del derecho a la identidad en el derecho argentino.— III. Aspectos legales relativos al derecho a la identificación en el derecho argentino.— IV. Falta de inscripción oportuna: consecuencias.— V. Aspectos relativos a la inscripción judicial tardía.— VI. Cuestiones adyacentes pero importantes.— VII. Breves palabras finales. tSi te interesa el texto, comunicate a koha@justierradelfuego.gov.ar 09967aDERECHO DE FAMILIA 092345aDERECHO A LA IDENTIDAD0 0284493222dBuenos Aires : AbeledoPerrot, 1989-tDerecho de familia. N° 116 - Septiembre 2024z18511201 2udccANA